Postmodernism or, The Cultural logic of Late Capitalism (Record no. 44174)

MARC details
000 -LEADER
fixed length control field 00513nam a2200193Ia 4500
008 - FIXED-LENGTH DATA ELEMENTS--GENERAL INFORMATION
fixed length control field 220531s9999 xx 000 0 und d
041 ## - LANGUAGE CODE
Language code of text/sound track or separate title eng
082 ## - DEWEY DECIMAL CLASSIFICATION NUMBER
Item number POS / JAM
100 ## - MAIN ENTRY--PERSONAL NAME
Personal name James, Fredric
9 (RLIN) 79861
245 ## - TITLE STATEMENT
Title Postmodernism or, The Cultural logic of Late Capitalism
250 ## - EDITION STATEMENT
Edition statement 1ST
260 ## - PUBLICATION, DISTRIBUTION, ETC. (IMPRINT)
Place of publication, distribution, etc. New Delhi
Name of publisher, distributor, etc. ABS Pub.
Date of publication, distribution, etc. 2006
300 ## - PHYSICAL DESCRIPTION
Extent 438
542 ## - INFORMATION RELATING TO COPYRIGHT STATUS
Copyright holder 30-06-2016
551 ## -
-- Sociology
-- Non-grant-SCO
650 ## - SUBJECT ADDED ENTRY--TOPICAL TERM
Topical term or geographic name as entry element Sociology
9 (RLIN) 79862
906 ## - LOCAL DATA ELEMENT F, LDF (RLIN)
d 2016-2017
f 9132
Holdings
Withdrawn status Lost status Source of classification or shelving scheme Damaged status Not for loan Collection code Home library Current library Date acquired Vendor Cost, normal purchase price Total Checkouts Total Holds Full call number Barcode Date last seen Cost, replacement price Bill Date Koha item type Original Barcode
    Dewey Decimal Classification       Shri Siddhivinayak Mahila Mahavidyalaya Shri Siddhivinayak Mahila Mahavidyalaya 30/06/2016 Aakar 595.00   1 /POS/JAM/B/21044 SSMM-BK-21044 06/08/2022 595.00 06/08/2022 Books 010021044